Prominente Sportler #2 - Statistiken

Allgemein
  • Dieses Quiz wurde 141 mal gespielt
  • Das Durchschnittsergebnis liegt bei 8 aus 16
Antwortstatistiken
Bildquiz Antwort % Korrekt
Dirk Nowitzki
84%
Niki Lauda
81%
Lando Norris
75%
Steffi Graf
71%
Conor McGregor
70%
Jan Ullrich
67%
Éric Cantona
62%
Phil Taylor
62%
Nadine Angerer
55%
Pascal Hens
55%
Ronnie O'Sullivan
43%
Floyd Mayweather Jr
42%
Katarina Witt
38%
Peyton Manning
34%
Viktor Axelsen
5%
Barry Bonds
3%
Keine übereinstimmenden Quizze gefunden
Verteilung der Resultate
Anzahl Personen mit jedem Resultat
Perzentil nach korrekt beantworteten Fragen
Ihre Resultats-Entwicklung
Sie haben dieses Quiz noch nicht gespielt